Sourcebook on children's rights in ASEAN and other related human rights regional instruments
Contents: ASEAN regional plan of action on the elimination of violence against children; declaration on the elimination of violence against women and elimination of violence against children in ASEAN (2013); Hanoi declaration on the enhancement of wekfare and development of ASEAN women and children...
Sparad:
| Materialtyp: | Bok |
|---|---|
| Språk: | Undetermined |
| Publicerad: |
Philippines
Manila University
2016
|
| Ämnen: | |
| Taggar: |
Lägg till en tagg
Inga taggar, Lägg till första taggen!
|
| Thư viện lưu trữ: | Trung tâm Học liệu Trường Đại học Cần Thơ |
|---|
| LEADER | 00860nam a2200181Ia 4500 | ||
|---|---|---|---|
| 001 | CTU_229625 | ||
| 008 | 210402s9999 xx 000 0 und d | ||
| 082 | |a 323.352 | ||
| 082 | |b S724 | ||
| 245 | 0 | |a Sourcebook on children's rights in ASEAN and other related human rights regional instruments | |
| 245 | 0 | |c Ateneo Human Rights Center | |
| 260 | |a Philippines | ||
| 260 | |b Manila University | ||
| 260 | |c 2016 | ||
| 520 | |a Contents: ASEAN regional plan of action on the elimination of violence against children; declaration on the elimination of violence against women and elimination of violence against children in ASEAN (2013); Hanoi declaration on the enhancement of wekfare and development of ASEAN women and children... | ||
| 650 | |a Quyền trẻ em,Children's rights | ||
| 910 | |b nthai | ||
| 980 | |a Trung tâm Học liệu Trường Đại học Cần Thơ | ||